Statistics for Countries That End in SIA

Click here to take the quiz!

General Stats

  • This quiz has been taken 6,387 times
    (3,779 since last reset)
  • The average score is 3 of 5

Answer Stats

country% Correct
Malaysia
80%
Indonesia
75%
Tunisia
63%
Russia
58%
Micronesia
44%

Score Distribution

Percentile by Number Answered

Percent of People with Each Score

Your Score History

You have not taken this quiz since the last reset